Largest Cities Containing 'S' - Statistics

General Stats
  • This quiz has been taken 242 times
  • The average score is 17 of 20
Answer Stats
Population Country City % Correct
24,400,000 South Korea Seoul
99%
30,900,000 China Shanghai
97%
21,800,000 Brazil São Paulo
96%
6,900,000 Singapore Singapore
95%
11,200,000 France Paris
94%
15,800,000 Argentina Buenos Aires
93%
14,300,000 Turkey Istanbul
93%
13,400,000 South Africa Johannesburg
93%
17,600,000 United States Los Angeles
93%
16,900,000 Russia Moscow
92%
7,600,000 United States San Francisco
92%
7,050,000 Chile Santiago
91%
17,100,000 Nigeria Lagos
90%
17,800,000 Japan Osaka
89%
10,600,000 DR Congo Kinshasa
87%
6,550,000 United States Dallas
85%
6,350,000 United States Boston
80%
8,300,000 United States Washington, DC
79%
7,650,000 China Shenyang
32%
7,950,000 China Shantou
26%
No matching quizzes found
Score Distribution
Percent of People with Each Score
Percentile by Number Answered
Your Score History
You have not taken this quiz